000 00865nas a2200265 454500
001 35687
005 20260407193509.0
008 260407s1981####ag###########|||spa#d
003 AR-UNSa-BCEJYS
040 _aAR-UNSa-BCEJYS
_bspa
_cAR-UNSa-BCEJYS
080 _a339.5
_xComercio exterior. Comercio Internacional
245 1 0 _aOccasional Paper
264 1 _aWashington :
_bFondo Monetario Internacional
_c1981
310 _aFrecuencia: Irregular
041 _aspa
942 _cSER
590 _aniveau_biblio:s niveau_hierar:1
100 1 _aFondo Monetario Internacional
650 _aEstudio de mercado
650 _aComercio internacional
650 _aPolítica económica
650 _aInvestigación económica
650 _aMacroeconomía
856 4 1 _uhttps://biblioeco.unsa.edu.ar/pmb/images/revistas/occasionalPaper.jpg
_yImagen de portada
_qimage/jpeg
999 _c8773
_d8773